Aplicación de imágenes de satélite al diagnóstico ambiental de un complejo lagunar estuarino tropical : (Registro nro. 1438)
[ vista simple ]
| 000 -CABECERA | |
|---|---|
| Campo de control | 01058nam a2200277 a 4500 |
| 005 - FECHA Y HORA DE LA ULTIMA TRANSACCION | |
| Campo de control | 20191224041603.0 |
| 008 - ELEMENTOS DE LONGITUD FIJA—INFORMACION GENERAL | |
| Campo de control | 140227s1998 ck abdofr|||| 000 0 spa d |
| 020 ## - ISBN | |
| ISBN | 9589595057 |
| 040 ## - FUENTE DE CATALOGACIÓN | |
| Agencia catalogadora original | CO-BoIAVH |
| Agencia transcriptora | CO-BoIAVH |
| 041 0# - IDIOMA | |
| Código de idioma para texto/pista de sonido o título separado | Español |
| 044 ## - PAÍS DE PUBLICACIÓN | |
| País de publicación | Colombia |
| 082 04 - NUMERO DE CLASIFICACION DECIMAL DEWEY | |
| Número de clasificación | 384.5456 |
| Número del ítem | G57a |
| 100 1# - ASIENTO PRINCIPAL--NOMBRE PERSONAL | |
| Nombre personal | Gónima, Leonardo |
| 9 (RLIN) | 10849 |
| 245 10 - MENCION DE TITULO | |
| Título | Aplicación de imágenes de satélite al diagnóstico ambiental de un complejo lagunar estuarino tropical : |
| Parte restante del título | Ciénaga grande de Santa Marta, Caribe colombiano |
| 260 ## - PUBLICACION, DISTRIBUCION, ETC. (PIE DE IMPRENTA) | |
| Lugar de publicación, distribución, etc. | Santa Marta : |
| Nombre del editor, distribuidor, etc. | INVEMAR , |
| Fecha de publicación, distribución, etc. | 1998. |
| 300 ## - DESCRIPCION FISICA | |
| Extensión | 56 páginas : |
| Otros detalles físicos | Ilustraciones, mapas, gráficas, fotografías ; |
| Dimensiones | 27 x 21 cm. |
| 504 ## - NOTA DE BIBLIOGRAFIA, ETC. | |
| Nota de bibliografía | Incluye referencia bibliográficas: páginas 53-55. |
| 650 16 - ASIENTO SECUNDARIO DE MATERIA - TERMINO TEMATICO | |
| Término temático o nombre geográfico como elemento de entrada | Procesamiento digital de imágenes |
| 9 (RLIN) | 10379 |
| 650 26 - ASIENTO SECUNDARIO DE MATERIA - TERMINO TEMATICO | |
| Término temático o nombre geográfico como elemento de entrada | Imágenes de satélite |
| 9 (RLIN) | 10377 |
| 650 26 - ASIENTO SECUNDARIO DE MATERIA - TERMINO TEMATICO | |
| Término temático o nombre geográfico como elemento de entrada | Humedales |
| 9 (RLIN) | 61602 |
| 650 26 - ASIENTO SECUNDARIO DE MATERIA - TERMINO TEMATICO | |
| Término temático o nombre geográfico como elemento de entrada | Manejo ambiental |
| 9 (RLIN) | 1309 |
| 662 ## - ASIENTO SECUNDARIO DE MATERIA - JERARQUIA DEL NOMBRE DE LUGAR( | |
| País o entidad mayor | Colombia |
| Jurisdicción política intermedia | Ciénaga Grande de Santa Marta (Caribe) |
| 700 1# - ASIENTO SECUNDARIO - NOMBRE PERSONAL | |
| Nombre personal | Mancera Pineda, José Ernesto |
| 9 (RLIN) | 12306 |
| 700 1# - ASIENTO SECUNDARIO - NOMBRE PERSONAL | |
| Nombre personal | Botero, Leonor |
| 9 (RLIN) | 12307 |
| 942 ## - ELEMENTOS ADICIONALES (KOHA) | |
| Tipo de ítem | Libro |
| Sistema de clasificación | Dewey Decimal Classification |
| Koha issues (borrowed), all copies | 1 |
| Withdrawn status | Lost status | Sistema de Clasificación | Damaged status | No para préstamo | Colección | Inventariado | Ubicación Permanente | Ubicación actual | Fecha de adquisición | Valor | Total Checkouts | Número topográfico | Inventario / Código de Barras | Date last seen | Ejemplar | Price effective from | Forma de adquisición | Tipo de material | Date checked out |
|---|---|---|---|---|---|---|---|---|---|---|---|---|---|---|---|---|---|---|---|
| Dewey Decimal Classification | General | Inventariado 2017 | Bogotá | Bogotá | 12/08/1999 | 39000.00 | 1 | LB-384.5456 G57a | 004976 | 24/08/2016 | Ej. 1 | 04/12/2012 | Libro | 24/08/2016 | |||||
| Dewey Decimal Classification | General | Inventariado 2017 | Sala Fabio Quevedo | Sala Fabio Quevedo | 12/08/1999 | 39000.00 | LB-384.5456 G57a | 001988 | 04/12/2012 | Ej. 2 | 04/12/2012 | Donación | Libro |